| 000 | 00321 a2200133 4500 | ||
|---|---|---|---|
| 001 | 35629 | ||
| 020 | _a0-87891-519-2 | ||
| 082 | _a531 FOG | ||
| 090 |
_c23438 _d23438 |
||
| 100 | _aFogiel M | ||
| 245 |
_aThe mechanics problem solver _bStatics-dynamics |
||
| 260 |
_aUS _bStaff of Research & Edu Assoc |
||
| 300 | _a661P. | ||
| 942 |
_aNUST-CAE _k531/FOG |
||
| 999 |
_c270702 _d270702 |
||